[Event "interzonal (w)"]
[Site "Tuzla"]
[Date "1987.??.??"]
[Round "10"]
[White "Ivanka, Maria"]
[Black "Semenova, Lidia"]
[Result "0-1"]
[WhiteElo "2320"]
[BlackElo "2230"]
[EventDate "1987.07.??"]
[PlyCount "80"]

1.c4 c5 2.Nf3 e6 3.g3 Nc6 4.Bg2 d5 5.O-O Nf6 6.cxd5 Nxd5 7.Nc3 Be7 8.Nxd5 
exd5 9.d4 b6 10.b3 O-O 11.Ba3 a5 12.Qd2 Be6 13.Rac1 Nb4 14.Rfd1 Rc8 15.
Bxb4 axb4 16.Ne1 Bf6 17.Nc2 Re8 18.dxc5 Bc3 19.Qd3 bxc5 20.Bxd5 Bxd5 21.
Qxd5 Qa5 22.Qc4 Qxa2 23.Rd7 Rf8 24.Ne3 Bd2 25.Rc2 Qb1+ 26.Nf1 Bc3 27.Qd3 
Qxb3 28.Nd2 Qe6 29.Nc4 Bd4 30.Rd6 Qh3 31.e3 Ra8 32.Rc1 Bf6 33.Rd1 h6 34.
Nb6 Ra3 35.Qd5 Bc3 36.Qxc5 Qg4 37.Nd7 Rfa8 38.Nb6 Ra1 39.Rd8+ Rxd8 40.Rxa1
Bxa1 0-1

[Event "interzonal (w)"]
[Site "Tuzla"]
[Date "1987.??.??"]
[Round "10"]
[White "Lebel-Arias, Julia"]
[Black "Hoiberg, Nina"]
[Result "0-1"]
[WhiteElo "2150"]
[BlackElo "2295"]
[EventDate "1987.07.??"]
[PlyCount "126"]

1.d4 g6 2.f4 d5 3.e3 Nf6 4.Bd3 Bg7 5.Nd2 O-O 6.Ngf3 b6 7.Ne5 c5 8.c3 Ba6 
9.Bxa6 Nxa6 10.Qf3 e6 11.O-O Nd7 12.Qh3 Nc7 13.Ndf3 f6 14.Ng4 Qe7 15.Bd2 
b5 16.Rae1 Rfb8 17.Nh6+ Kh8 18.g4 Qf8 19.g5 f5 20.Ne5 Nxe5 21.fxe5 Qe7 22.
Qh4 a5 23.Rf3 c4 24.Rh3 Bf8 25.Rf1 Qg7 26.Rhf3 Na6 27.b3 Rb7 28.Qf2 Qe7 
29.Rg3 Bxh6 30.gxh6 cxb3 31.axb3 a4 32.e4 dxe4 33.Bg5 Qf7 34.Bf6+ Kg8 35.
bxa4 bxa4 36.Qe2 Nc7 37.c4 Ne8 38.Bg5 Qc7 39.Bf4 Rb4 40.c5 Qc6 41.Be3 Nc7 
42.Rxf5 Nd5 43.Rf1 Nxe3 44.Rxe3 Rxd4 45.Qf2 Qd7 46.Qf6 Rd1 47.Rxe4 Rxf1+ 
48.Qxf1 a3 49.Re1 a2 50.Ra1 Qd4+ 51.Kh1 Qxc5 52.Qe2 Qd5+ 53.Qg2 Qxg2+ 54.
Kxg2 Ra3 55.Kf1 g5 56.Ke1 Kf7 57.Kd1 Kg6 58.Kc2 Kxh6 59.Kb2 Ra5 60.Kc3 Kg6
61.Kb4 Ra8 62.Kc5 Kf5 63.Kd6 Ra6+ 0-1

[Event "interzonal (w)"]
[Site "Tuzla"]
[Date "1987.??.??"]
[Round "10"]
[White "Petrovic, Marija"]
[Black "Canela Gimenez, Teresa"]
[Result "1-0"]
[WhiteElo "2200"]
[BlackElo "2100"]
[EventDate "1987.07.??"]
[PlyCount "61"]

1.Nf3 Nf6 2.d4 g6 3.Bf4 d5 4.e3 Bg7 5.Nbd2 O-O 6.Be2 c5 7.c3 Nbd7 8.h3 b6 
9.O-O Bb7 10.Rc1 Ne4 11.Bh2 a5 12.a4 Nxd2 13.Nxd2 e5 14.Bb5 Ba6 15.Bxa6 
Rxa6 16.Qb3 cxd4 17.cxd4 exd4 18.exd4 Ra8 19.Nf3 Rc8 20.Qxd5 Bh6 21.Rxc8 
Qxc8 22.Re1 Re8 23.Rxe8+ Qxe8 24.Ne5 Nxe5 25.Bxe5 Qc8 26.Kh2 Bf8 27.b3 h5 
28.Qc4 Qf5 29.Qe2 Qe6 30.Qf3 Qc8 31.Qf6 1-0

[Event "interzonal (w)"]
[Site "Tuzla"]
[Date "1987.??.??"]
[Round "10"]
[White "Trabert, Bettina"]
[Black "Sakhatova, Gulnar"]
[Result "1-0"]
[WhiteElo "2225"]
[BlackElo "2350"]
[EventDate "1987.07.??"]
[PlyCount "81"]

1.e4 c5 2.c3 Nf6 3.e5 Nd5 4.d4 cxd4 5.Bc4 Nb6 6.Bb3 d6 7.cxd4 dxe5 8.Qh5 
e6 9.dxe5 Nc6 10.Nc3 g6 11.Qg5 Qxg5 12.Bxg5 Bg7 13.f4 h6 14.Bf6 Bxf6 15.
exf6 O-O 16.Nf3 Nd7 17.Ne4 Nb4 18.O-O-O Nd5 19.Bxd5 exd5 20.Rxd5 Nb6 21.
Rc5 Be6 22.Nd6 Rab8 23.Rd1 Bxa2 24.Ne5 a6 25.Rd3 Be6 26.f5 Nd7 27.Nxd7 
Bxd7 28.fxg6 fxg6 29.Rc7 Bf5 30.Nxf5 gxf5 31.Rg3+ Kh8 32.Rg6 Rbc8 33.Rxh6+
Kg8 34.Rg6+ Kh8 35.Rxc8 Rxc8+ 36.Kd2 Rf8 37.h4 Kh7 38.h5 b5 39.Ke3 a5 40.
Kf4 a4 41.Kxf5 1-0

[Event "interzonal (w)"]
[Site "Tuzla"]
[Date "1987.??.??"]
[Round "11"]
[White "Canela Gimenez, Teresa"]
[Black "Ivanka, Maria"]
[Result "1/2-1/2"]
[WhiteElo "2100"]
[BlackElo "2320"]
[EventDate "1987.07.??"]
[PlyCount "89"]

1.c4 e5 2.Nc3 Nf6 3.g3 d5 4.cxd5 Nxd5 5.Bg2 Nb6 6.Nf3 Nc6 7.O-O Be7 8.d4 
exd4 9.Nb5 d3 10.Qxd3 a6 11.Qxd8+ Bxd8 12.Nc3 O-O 13.Bf4 f6 14.Rfd1 g5 15.
Be3 Nc4 16.Bc5 Be7 17.Bxe7 Nxe7 18.b3 Nd6 19.Na4 Rb8 20.Rac1 Nb5 21.Nc5 
Nd6 22.Nd4 Kf7 23.Ne4 Ne8 24.h3 c6 25.Rd2 Ng7 26.Nd6+ Kg8 27.Nxc8 Nxc8 28.
b4 Nb6 29.Nb3 Ne6 30.Na5 Kf7 31.Rcd1 Rfd8 32.Be4 Rxd2 33.Rxd2 h6 34.f4 Ke7
35.Kf2 Rd8 36.Rxd8 Nxd8 37.Bf5 Kd6 38.Kf3 c5 39.bxc5+ Kxc5 40.Nb3+ Kd6 41.
h4 Nd5 42.hxg5 hxg5 43.e3 Ne7 44.Bh3 Ndc6 45.Nd4 1/2-1/2

[Event "interzonal (w)"]
[Site "Tuzla"]
[Date "1987.??.??"]
[Round "11"]
[White "Hoiberg, Nina"]
[Black "Maksimovic, Suzana"]
[Result "1-0"]
[WhiteElo "2295"]
[BlackElo "2345"]
[EventDate "1987.07.??"]
[PlyCount "83"]

1.e4 c5 2.Nf3 e6 3.d4 cxd4 4.Nxd4 Nc6 5.Nc3 Qc7 6.Be2 a6 7.O-O Nf6 8.Be3 
Bb4 9.Nxc6 bxc6 10.Qd4 Bd6 11.h3 O-O 12.Rad1 Be5 13.Qd3 d5 14.Bd4 Bxd4 15.
Qxd4 c5 16.Qd3 d4 17.Nb1 a5 18.a4 Qf4 19.Qa3 Nxe4 20.Bf3 Bb7 21.Rfe1 Rac8 
22.Qd3 Nd6 23.Bxb7 Nxb7 24.Re4 Qb8 25.b3 Nd6 26.Rh4 f5 27.Re1 Rf6 28.Nd2 
Re8 29.Qa6 Qc7 30.Nc4 Nxc4 31.Qxc4 Qf7 32.Qxc5 f4 33.Qxd4 h5 34.Re5 Kh7 
35.Rexh5+ Rh6 36.Rxh6+ gxh6 37.Rxf4 Qc7 38.Qd3+ Kh8 39.Rf6 Qg7 40.Rg6 Qa1+
41.Kh2 Qc1 42.Qf3 1-0

[Event "interzonal (w)"]
[Site "Tuzla"]
[Date "1987.??.??"]
[Round "11"]
[White "Khadilkar, Rohini"]
[Black "Brustman, Agnieszka"]
[Result "1-0"]
[WhiteElo "2220"]
[BlackElo "2320"]
[EventDate "1987.07.??"]
[PlyCount "83"]

1.e4 c5 2.c3 d5 3.exd5 Qxd5 4.d4 e6 5.Nf3 Nf6 6.Be2 Nc6 7.O-O cxd4 8.cxd4 
Be7 9.Nc3 Qd8 10.Bg5 O-O 11.Qd2 b6 12.Rac1 Bb7 13.Rfd1 Nb4 14.Ne5 Nfd5 15.
Be3 Nxe3 16.fxe3 Bg5 17.Bf3 Bxf3 18.Nxf3 Bh6 19.Qf2 Nd5 20.Nxd5 Qxd5 21.b3
Qe4 22.Re1 Rac8 23.Rxc8 Rxc8 24.Ne5 f6 25.Nc4 Rd8 26.Qe2 Qc6 27.Qf3 Qd5 
28.a4 Rc8 29.Rd1 f5 30.Kf2 Qd7 31.d5 exd5 32.Rxd5 Qe7 33.Rxf5 Qh4+ 34.Qg3 
Qe4 35.Qe5 Qc2+ 36.Kg3 Kh8 37.Nd6 Ra8 38.Nf7+ Kg8 39.Nxh6+ gxh6 40.Qd5+ 
Kg7 41.Rf7+ Kg6 42.Qe6+ 1-0

[Event "interzonal (w)"]
[Site "Tuzla"]
[Date "1987.??.??"]
[Round "11"]
[White "Liu Shilan"]
[Black "Lebel-Arias, Julia"]
[Result "1-0"]
[WhiteElo "2335"]
[BlackElo "2150"]
[EventDate "1987.07.??"]
[PlyCount "99"]

1.e4 e6 2.d4 a6 3.Nf3 b5 4.a4 Bb7 5.Bd3 b4 6.O-O c5 7.Be3 c4 8.Bxc4 Bxe4 
9.Nbd2 Bb7 10.Re1 Be7 11.Bd3 Nf6 12.c4 h6 13.Rc1 O-O 14.Bb1 a5 15.b3 Na6 
16.Bf4 Nh5 17.Be3 f5 18.Ne5 Nf6 19.Ng6 Rf7 20.d5 exd5 21.Bxf5 dxc4 22.Nxc4
Nd5 23.Bb6 Qb8 24.Nxe7+ Nxe7 25.Bxd7 Kh8 26.Qg4 Bd5 27.Be6 Rf4 28.Qg3 Nf5 
29.Bxf5 Rxf5 30.Be3 Qf8 31.h4 Bxc4 32.Rxc4 Nc5 33.Bd4 Rd8 34.Qe3 Nd7 35.
Qxh6+ Kg8 36.Qe6+ Kh7 37.Qe4 Kg8 38.Rc7 Rf7 39.Qe6 Kh7 40.h5 Rf6 41.Bxf6 
Nxf6 42.Qf5+ Kh8 43.Rec1 Qd6 44.Rc8 Ng8 45.Rxd8 Qxd8 46.g3 Qd2 47.Rc2 Qd1+
48.Kg2 Qb1 49.h6 g6 50.Qe5+ 1-0

[Event "interzonal (w)"]
[Site "Tuzla"]
[Date "1987.??.??"]
[Round "11"]
[White "Matveeva, Svetlana"]
[Black "Arakhamia, Ketevan"]
[Result "1-0"]
[WhiteElo "2380"]
[BlackElo "2375"]
[EventDate "1987.07.??"]
[PlyCount "85"]

1.Nf3 Nf6 2.d4 d5 3.g3 g6 4.Bg2 Bg7 5.c4 O-O 6.cxd5 Nxd5 7.O-O Nb6 8.Nc3 
Nc6 9.e3 Re8 10.Nd2 e5 11.d5 Nb4 12.Qb3 Bf8 13.a3 Nd3 14.h3 a5 15.Nc4 Nc5 
16.Qa2 c6 17.Rd1 e4 18.dxc6 Qc7 19.cxb7 Qxb7 20.Nxb6 Qxb6 21.Nd5 Qd6 22.
Bd2 Bg7 23.Bc3 Bxc3 24.Nxc3 Qc6 25.Qd5 Bb7 26.Qxc6 Bxc6 27.b4 Nb3 28.Rab1 
axb4 29.axb4 Ra3 30.Rd6 Nd4 31.Rxd4 Rxc3 32.b5 Bb7 33.Rd7 Rb8 34.b6 Kf8 
35.Rc7 Ra3 36.Rd1 Ba6 37.Rdd7 Ra1+ 38.Kh2 Rxb6 39.Rxf7+ Ke8 40.Rxh7 Rf6 
41.Rh8+ Rf8 42.Rxf8+ Kxf8 43.Bxe4 1-0

[Event "interzonal (w)"]
[Site "Tuzla"]
[Date "1987.??.??"]
[Round "11"]
[White "Nikolin, Zorica"]
[Black "Frometa Castillo, Zirka"]
[Result "1-0"]
[WhiteElo "2325"]
[BlackElo "2220"]
[EventDate "1987.07.??"]
[PlyCount "81"]

1.e4 Nf6 2.e5 Nd5 3.d4 Nb6 4.c4 d6 5.exd6 cxd6 6.Nc3 g6 7.a4 a5 8.c5 dxc5 
9.Bb5+ N6d7 10.Bf4 Bg7 11.Nd5 e5 12.dxe5 O-O 13.Nf3 Nb6 14.Nxb6 Qxb6 15.
O-O Nc6 16.h3 Be6 17.Qe2 h6 18.Rad1 Rad8 19.Rd6 Rxd6 20.exd6 Rd8 21.Rc1 g5
22.Bg3 Bf8 23.Rd1 Nd4 24.Nxd4 cxd4 25.Qe4 Bxd6 26.Bd3 Qc5 27.Qh7+ Kf8 28.
Bxd6+ Rxd6 29.Qxh6+ Ke7 30.h4 Bb3 31.Re1+ Re6 32.Rxe6+ fxe6 33.Qg7+ Kd6 
34.Qf8+ Kc6 35.Qc8+ Kd6 36.Qxc5+ Kxc5 37.h5 e5 38.h6 Bg8 39.h7 Bxh7 40.
Bxh7 Kc4 41.Bc2 1-0

[Event "interzonal (w)"]
[Site "Tuzla"]
[Date "1987.??.??"]
[Round "11"]
[White "Sakhatova, Gulnar"]
[Black "Ioseliani, Nana"]
[Result "1/2-1/2"]
[WhiteElo "2350"]
[BlackElo "2450"]
[EventDate "1987.07.??"]
[PlyCount "81"]

1.d4 e6 2.Nf3 f5 3.g3 Nf6 4.Bg2 d5 5.O-O Bd6 6.c4 c6 7.Qc2 O-O 8.Nbd2 Nbd7
9.Ne1 Qe7 10.Ndf3 b6 11.b3 Bb7 12.Bb2 Rac8 13.Rc1 c5 14.e3 Ba6 15.Ne5 cxd4
16.exd4 Rc7 17.N1d3 Rfc8 18.Rfe1 Ne4 19.f3 dxc4 20.bxc4 Nxe5 21.dxe5 Bc5+ 
22.Kh1 Ng5 23.Red1 Bb7 24.Qe2 Rd7 25.Nxc5 Rxd1+ 26.Rxd1 Qxc5 27.Rd7 Qc6 
28.Qd3 Nf7 29.h4 Rc7 30.Rd4 Qe8 31.Qd2 Rc8 32.Rd7 Rd8 33.Rxd8 Qxd8 34.Qc3 
f4 35.Kh2 Nh6 36.Bh3 fxg3+ 37.Kxg3 Qc8 38.Qd3 g6 39.h5 Nf5+ 40.Kf2 Qc7 41.
Bxf5 1/2-1/2

[Event "interzonal (w)"]
[Site "Tuzla"]
[Date "1987.??.??"]
[Round "11"]
[White "Semenova, Lidia"]
[Black "Trabert, Bettina"]
[Result "1-0"]
[WhiteElo "2230"]
[BlackElo "2225"]
[EventDate "1987.07.??"]
[PlyCount "91"]

1.e4 e5 2.Nf3 Nc6 3.Bb5 a6 4.Ba4 d6 5.O-O Bd7 6.c3 g6 7.d4 Bg7 8.dxe5 dxe5
9.Nbd2 Nge7 10.Re1 O-O 11.Bc2 Qe8 12.Qe2 h6 13.a4 Rd8 14.Nf1 Be6 15.Be3 f6
16.Bc5 Qf7 17.Ne3 Rd7 18.Red1 Rfd8 19.Rxd7 Rxd7 20.b4 f5 21.b5 axb5 22.
axb5 Nd8 23.Rd1 f4 24.Rxd7 Bxd7 25.Qd3 Qe8 26.Nc4 Nf7 27.b6 cxb6 28.Nxb6 
Bc6 29.Bb3 Kh7 30.h3 g5 31.Be6 Nd8 32.Bg4 Bf6 33.c4 Kg7 34.Bb4 Ng6 35.Bh5 
Ne6 36.Nd5 Qd8 37.Kh2 Ngf8 38.Bg4 b6 39.Qa3 b5 40.Qa7+ Kh8 41.cxb5 Bxd5 
42.exd5 Nd4 43.Nxd4 exd4 44.Qf7 Bg7 45.b6 d3 46.Qc7 1-0

[Event "interzonal (w)"]
[Site "Tuzla"]
[Date "1987.??.??"]
[Round "11"]
[White "Veroci-Petronic, Zsuzsa"]
[Black "Petrovic, Marija"]
[Result "1-0"]
[WhiteElo "2360"]
[BlackElo "2200"]
[EventDate "1987.07.??"]
[PlyCount "87"]

1.e4 g6 2.d4 Bg7 3.Nc3 d6 4.f4 c6 5.Be3 d5 6.e5 h5 7.Nf3 Bf5 8.Be2 Nd7 9.
Qd2 b5 10.O-O e6 11.Bf2 Nh6 12.a4 b4 13.Nd1 Bf8 14.h3 Be7 15.Ng5 c5 16.
dxc5 Nxc5 17.Qxb4 Qc7 18.Ne3 Ne4 19.Qb5+ Kf8 20.Nxf5 Bxg5 21.Nd6 Rb8 22.
Qa6 Nc5 23.Nb5 Nxa6 24.Nxc7 Nxc7 25.fxg5 Nf5 26.Bc5+ Kg7 27.b4 Ng3 28.Rfe1
Nxe2+ 29.Rxe2 Na6 30.Bd6 Rbc8 31.Rf1 Rhd8 32.Rf3 Rd7 33.b5 Nb8 34.Ree3 a6 
35.Rc3 Re8 36.b6 a5 37.Rc5 Rb7 38.Rb3 Rd7 39.Bxb8 Rxb8 40.Rxa5 d4 41.Rab5 
Rc8 42.b7 Rb8 43.a5 Rc7 44.a6 1-0

[Event "interzonal (w)"]
[Site "Tuzla"]
[Date "1987.??.??"]
[Round "12"]
[White "Arakhamia, Ketevan"]
[Black "Sakhatova, Gulnar"]
[Result "1-0"]
[WhiteElo "2375"]
[BlackElo "2350"]
[EventDate "1987.07.??"]
[PlyCount "139"]

1.d4 d5 2.c4 c6 3.Nf3 Nf6 4.Nc3 dxc4 5.a4 Bf5 6.e3 e6 7.Bxc4 Bb4 8.O-O 
Nbd7 9.Qb3 a5 10.h3 O-O 11.Rd1 Qe7 12.Bd2 h6 13.Rac1 e5 14.Ne2 e4 15.Bxb4 
axb4 16.Nd2 Nb6 17.Ng3 Bd7 18.Ra1 Ra5 19.Qc2 h5 20.Be2 Re8 21.Nb3 Rxa4 22.
Bxh5 Rxa1 23.Rxa1 Nxh5 24.Nxh5 Nd5 25.Ng3 f5 26.Qc5 Qe6 27.Qc2 Bc8 28.Nd2 
g5 29.Re1 Qg6 30.Qd1 Re7 31.Qh5 Qf6 32.Nc4 Bd7 33.Ne5 Be8 34.Qd1 Rh7 35.
Qa4 Qe6 36.Qa8 Nf6 37.Qb8 Rg7 38.Kf1 Kh7 39.Ne2 c5 40.dxc5 Re7 41.f4 gxf4 
42.exf4 Bb5 43.Qd6 Nh5 44.Qxe6 Rxe6 45.Nf7 Kg6 46.Nd6 Bxe2+ 47.Kxe2 Nxf4+ 
48.Kd2 Nd5 49.Nxb7 Nf6 50.Nd6 Re5 51.Rc1 Nd7 52.Nb7 Rd5+ 53.Ke2 Kf6 54.c6 
Nb6 55.c7 Nc8 56.Rc5 Rd3 57.h4 Rb3 58.Rc2 Rg3 59.Kf2 f4 60.Nc5 Kf5 61.h5 
b3 62.Rc4 e3+ 63.Kf1 e2+ 64.Kxe2 Rxg2+ 65.Kf3 Rxb2 66.Rxf4+ Kg5 67.Rf8 Ne7
68.Re8 Rc2 69.Rxe7 Rc3+ 70.Re3 1-0

[Event "interzonal (w)"]
[Site "Tuzla"]
[Date "1987.??.??"]
[Round "12"]
[White "Brustman, Agnieszka"]
[Black "Matveeva, Svetlana"]
[Result "1/2-1/2"]
[WhiteElo "2320"]
[BlackElo "2380"]
[EventDate "1987.07.??"]
[PlyCount "72"]

1.e4 g6 2.d4 Bg7 3.c3 c6 4.Nf3 d5 5.e5 Nh6 6.Bd3 Bf5 7.Bxh6 Bxh6 8.Bxf5 
gxf5 9.e6 fxe6 10.Qe2 Qd6 11.Ne5 O-O 12.Nd2 Nd7 13.Nxd7 Bxd2+ 14.Qxd2 Qxd7
15.O-O e5 16.dxe5 f4 17.f3 Rf5 18.Rfe1 e6 19.c4 Rd8 20.Rad1 Qc7 21.Qc3 
Qb6+ 22.c5 Qc7 23.Re2 Rdf8 24.Qd4 Rg5 25.b4 Kh8 26.a4 Qg7 27.Kf1 Qh6 28.h3
Qh4 29.Qf2 Qh5 30.Qd4 Rg3 31.b5 Qg5 32.bxc6 bxc6 33.Rb1 Rg8 34.Rbb2 a5 35.
Red2 Qf5 36.Re2 Qg5 1/2-1/2

[Event "interzonal (w)"]
[Site "Tuzla"]
[Date "1987.??.??"]
[Round "12"]
[White "Frometa Castillo, Zirka"]
[Black "Petrovic, Marija"]
[Result "1-0"]
[WhiteElo "2220"]
[BlackElo "2200"]
[EventDate "1987.07.??"]
[PlyCount "125"]

1.d4 Nf6 2.Nc3 d5 3.Bg5 c6 4.e3 g6 5.Be2 Bg7 6.h3 Nbd7 7.Nf3 O-O 8.O-O Re8
9.Bf4 Nf8 10.b4 Ne6 11.Bh2 Nd7 12.Rb1 b5 13.a4 bxa4 14.Nxa4 Nc7 15.Nc5 Nb5
16.Qd2 a5 17.c3 axb4 18.cxb4 Nb6 19.Ra1 Rxa1 20.Rxa1 Nd6 21.Ra7 Nbc4 22.
Bxc4 Nxc4 23.Qa2 Qb6 24.Qa4 Qb5 25.Rc7 Qxa4 26.Nxa4 Bf5 27.g4 Be4 28.Ng5 
Bc2 29.Nc5 Nd2 30.Kg2 Bd1 31.Bf4 h6 32.e4 Nc4 33.Nf3 g5 34.Be3 dxe4 35.
Nxe4 e5 36.Nxe5 Nxe5 37.dxe5 Bxe5 38.Rxc6 Kg7 39.Nc5 Bc2 40.b5 f6 41.b6 
Bg6 42.b7 Bf7 43.Rc8 Bd5+ 44.Kg1 Kf7 45.Bd4 Bxd4 46.Rxe8 Bxb7 47.Rd8 Bxc5 
48.Rd7+ Kg6 49.Rxb7 h5 50.Kf1 hxg4 51.hxg4 Bd4 52.Rb5 Kf7 53.Ke2 Kg6 54.f3
Be5 55.Kd3 Ba1 56.Ra5 Bb2 57.Ke4 Bc3 58.Rb5 Ba1 59.Kd5 f5 60.Ke6 fxg4 61.
fxg4 Bc3 62.Rb8 Bd4 63.Rg8+ 1-0

[Event "interzonal (w)"]
[Site "Tuzla"]
[Date "1987.??.??"]
[Round "12"]
[White "Ioseliani, Nana"]
[Black "Semenova, Lidia"]
[Result "1/2-1/2"]
[WhiteElo "2450"]
[BlackElo "2230"]
[EventDate "1987.07.??"]
[PlyCount "26"]

1.e4 c6 2.d4 d5 3.exd5 cxd5 4.c4 e6 5.Nf3 Nf6 6.Nc3 Bb4 7.Qa4+ Nc6 8.Ne5 
Qa5 9.Qxa5 Bxa5 10.Nxc6 bxc6 11.Bd2 O-O 12.cxd5 exd5 13.Bd3 Bb6 1/2-1/2

[Event "interzonal (w)"]
[Site "Tuzla"]
[Date "1987.??.??"]
[Round "12"]
[White "Lebel-Arias, Julia"]
[Black "Khadilkar, Rohini"]
[Result "1/2-1/2"]
[WhiteElo "2150"]
[BlackElo "2220"]
[EventDate "1987.07.??"]
[PlyCount "44"]

1.d4 Nf6 2.e3 g6 3.Nd2 Bg7 4.Bd3 O-O 5.f4 d6 6.Ngf3 Nc6 7.c3 e5 8.fxe5 
dxe5 9.O-O Qe7 10.Ne4 Nxe4 11.Bxe4 Bd7 12.Bd5 Rae8 13.e4 exd4 14.cxd4 Bg4 
15.e5 Qd7 16.Bxc6 bxc6 17.Bg5 h6 18.Bh4 g5 19.Bf2 f6 20.Qb3+ Be6 21.Qc3 
Bd5 22.exf6 Rxf6 1/2-1/2

[Event "interzonal (w)"]
[Site "Tuzla"]
[Date "1987.??.??"]
[Round "12"]
[White "Maksimovic, Suzana"]
[Black "Liu Shilan"]
[Result "0-1"]
[WhiteElo "2345"]
[BlackElo "2335"]
[EventDate "1987.07.??"]
[PlyCount "82"]

1.d4 Nf6 2.Nf3 e6 3.Bg5 d5 4.e3 Be7 5.Bd3 c5 6.c3 O-O 7.Nbd2 b6 8.Ne5 Bb7 
9.Qb1 h6 10.Bxf6 Bxf6 11.Ndf3 Nc6 12.O-O Rb8 13.Nxc6 Bxc6 14.b4 Qc7 15.a4 
e5 16.Nxe5 Bxe5 17.dxe5 Qxe5 18.Rc1 a5 19.Bf5 Rfd8 20.Ra2 Be8 21.Bg4 d4 
22.cxd4 cxd4 23.e4 d3 24.Bf3 Rd4 25.Rd1 Rxb4 26.Qxd3 Bxa4 27.Rc1 Bb3 28.
Rd2 Be6 29.Qa6 g5 30.h3 Kg7 31.Qa7 Rc8 32.Rxc8 Bxc8 33.Rd1 Be6 34.Qe7 Qc5 
35.Qd8 Rb2 36.e5 Qxf2+ 37.Kh1 Kh7 38.Qf6 Rd2 39.Be4+ Kg8 40.Rxd2 Qxd2 41.
Qxh6 Qe1+ 0-1

[Event "interzonal (w)"]
[Site "Tuzla"]
[Date "1987.??.??"]
[Round "12"]
[White "Nikolin, Zorica"]
[Black "Hoiberg, Nina"]
[Result "0-1"]
[WhiteElo "2325"]
[BlackElo "2295"]
[EventDate "1987.07.??"]
[PlyCount "78"]

1.e4 e5 2.Nf3 Nc6 3.Bb5 Bc5 4.O-O Qf6 5.b4 Bxb4 6.Bb2 Nd4 7.Nxd4 exd4 8.
Bc4 Nh6 9.c3 Bc5 10.Qh5 d6 11.cxd4 Bg4 12.Bxf7+ Kf8 13.Qd5 c6 14.e5 Qf4 
15.Qb3 Bb6 16.Be6 Re8 17.Qe3 dxe5 18.Ba3+ c5 19.dxc5 Rxe6 20.cxb6+ Kf7 21.
Qxf4+ exf4 22.bxa7 Ra8 23.Nc3 Rxa7 24.Bb4 Ra8 25.f3 Bh5 26.Ne4 Rb6 27.a3 
Bg6 28.Rac1 Bxe4 29.fxe4 g5 30.Rc7+ Kg6 31.d4 Re8 32.e5 Nf5 33.Rc4 Ne3 34.
Rfc1 Nxc4 35.Rxc4 Kf5 36.Kf2 Rc6 37.Rxc6 bxc6 38.Bc5 Ke4 39.g3 f3 0-1

[Event "interzonal (w)"]
[Site "Tuzla"]
[Date "1987.??.??"]
[Round "12"]
[White "Trabert, Bettina"]
[Black "Canela Gimenez, Teresa"]
[Result "1/2-1/2"]
[WhiteElo "2225"]
[BlackElo "2100"]
[EventDate "1987.07.??"]
[PlyCount "86"]

1.e4 c5 2.c3 g6 3.d4 cxd4 4.cxd4 d5 5.e5 Bg7 6.Nc3 Nc6 7.Bb5 Nh6 8.Qa4 Bd7
9.Nf3 a6 10.Bxc6 bxc6 11.Qa3 Bg4 12.Na4 Bxf3 13.gxf3 Nf5 14.Qc3 O-O 15.Be3
Bxe5 16.dxe5 d4 17.Qd2 dxe3 18.fxe3 Qxd2+ 19.Kxd2 Rab8 20.Rac1 Rb4 21.b3 
Rd8+ 22.Ke2 Rh4 23.Nc5 Rd5 24.Ne4 Rxe5 25.Rxc6 a5 26.Kf2 Rd5 27.Rc5 Rxc5 
28.Nxc5 Nd6 29.e4 Rh5 30.Nd3 Rb5 31.Rc1 Rb7 32.Rc5 Ra7 33.Nb2 f6 34.Ke3 e5
35.Kd3 Kf7 36.a4 Ke6 37.Nc4 Nxc4 38.bxc4 Kd6 39.Rb5 Kc6 40.Kc3 Ra8 41.c5 
Rd8 42.Rxa5 Rd4 43.h4 f5 1/2-1/2

[Event "interzonal (w)"]
[Site "Tuzla"]
[Date "1987.??.??"]
[Round "13"]
[White "Canela Gimenez, Teresa"]
[Black "Ioseliani, Nana"]
[Result "0-1"]
[WhiteElo "2100"]
[BlackElo "2450"]
[EventDate "1987.07.??"]
[PlyCount "62"]

1.c4 e5 2.Nc3 d6 3.g3 Nf6 4.Bg2 c6 5.d4 Nbd7 6.Nf3 Be7 7.e4 O-O 8.O-O Re8 
9.Re1 Qc7 10.h3 a6 11.a4 a5 12.Be3 Bf8 13.d5 g6 14.Nd2 Bg7 15.f4 Nc5 16.
Kh2 Nd3 17.Rf1 exf4 18.gxf4 cxd5 19.cxd5 Nxb2 20.Qb3 Qxc3 21.Qxc3 Ng4+ 22.
hxg4 Bxc3 23.Kg3 Bd7 24.Rab1 Rac8 25.g5 Nc4 26.Nxc4 Rxc4 27.Rxb7 Bxa4 28.
Bh3 Rcxe4 29.Bc1 Rb4 30.Ra7 Rb3 31.Kh2 Bb5 0-1

[Event "interzonal (w)"]
[Site "Tuzla"]
[Date "1987.??.??"]
[Round "13"]
[White "Hoiberg, Nina"]
[Black "Frometa Castillo, Zirka"]
[Result "1-0"]
[WhiteElo "2295"]
[BlackElo "2220"]
[EventDate "1987.07.??"]
[PlyCount "47"]

1.e4 Nc6 2.Nf3 Nf6 3.Nc3 d5 4.exd5 Nxd5 5.Bc4 Nxc3 6.bxc3 e6 7.d4 Be7 8.
O-O O-O 9.Re1 Re8 10.Bf4 Bf6 11.Re3 Ne7 12.Nd2 Ng6 13.Bg3 c6 14.Ne4 Be7 
15.Qh5 f5 16.Qxf5 Kh8 17.Qh5 Rf8 18.Rae1 b5 19.Bd3 Rf5 20.Qe2 Rd5 21.Nd2 
b4 22.Be4 bxc3 23.Nb3 Bg5 24.Bxd5 1-0

[Event "interzonal (w)"]
[Site "Tuzla"]
[Date "1987.??.??"]
[Round "13"]
[White "Khadilkar, Rohini"]
[Black "Maksimovic, Suzana"]
[Result "1-0"]
[WhiteElo "2220"]
[BlackElo "2345"]
[EventDate "1987.07.??"]
[PlyCount "73"]

1.e4 c5 2.Nf3 Nc6 3.d4 cxd4 4.Nxd4 Nf6 5.Nc3 e5 6.Ndb5 d6 7.Bg5 a6 8.Bxf6 
gxf6 9.Na3 f5 10.Qh5 Bg7 11.Bc4 O-O 12.exf5 Nd4 13.Bd3 e4 14.Bxe4 Bxf5 15.
Bxf5 Nxf5 16.O-O Nd4 17.Nd5 Re8 18.Rfe1 Re5 19.Rxe5 dxe5 20.Ne3 b5 21.c3 
Ne6 22.Rd1 Qb6 23.Nd5 Qa7 24.Nc2 Nf4 25.Nxf4 exf4 26.Qf5 Qe7 27.Qxf4 Qe6 
28.Nb4 Re8 29.g3 a5 30.Nd5 Qe2 31.Rd2 Qe6 32.Nc7 Qe1+ 33.Kg2 Rb8 34.Rd7 
Rf8 35.Nxb5 Be5 36.Qg4+ Kh8 37.Rd1 1-0

[Event "interzonal (w)"]
[Site "Tuzla"]
[Date "1987.??.??"]
[Round "13"]
[White "Liu Shilan"]
[Black "Nikolin, Zorica"]
[Result "1/2-1/2"]
[WhiteElo "2335"]
[BlackElo "2325"]
[EventDate "1987.07.??"]
[PlyCount "43"]

1.e4 e5 2.Nf3 Nc6 3.Bb5 a6 4.Ba4 Nf6 5.O-O Nxe4 6.d4 b5 7.Bb3 d5 8.dxe5 
Be6 9.c3 Bc5 10.Nbd2 O-O 11.Bc2 Nxf2 12.Rxf2 f6 13.exf6 Bxf2+ 14.Kxf2 Qxf6
15.Kg1 g5 16.h3 h5 17.Nf1 g4 18.hxg4 hxg4 19.Ng5 Qf2+ 20.Kh1 Qh4+ 21.Kg1 
Qf2+ 22.Kh2 1/2-1/2

[Event "interzonal (w)"]
[Site "Tuzla"]
[Date "1987.??.??"]
[Round "13"]
[White "Matveeva, Svetlana"]
[Black "Lebel-Arias, Julia"]
[Result "1-0"]
[WhiteElo "2380"]
[BlackElo "2150"]
[EventDate "1987.07.??"]
[PlyCount "161"]

1.d4 b5 2.e4 Bb7 3.Bxb5 Bxe4 4.Nf3 e6 5.O-O Nf6 6.Nc3 Bb7 7.Re1 Be7 8.Bg5 
O-O 9.Qe2 d6 10.Rad1 Nbd7 11.Bc1 Rb8 12.Bd3 h6 13.Bc4 Re8 14.d5 e5 15.a3 
Bf8 16.Be3 Nb6 17.Bb5 Re7 18.Bxb6 axb6 19.Qc4 Bc8 20.Na2 Nh5 21.Nb4 Bb7 
22.Nh4 g6 23.Qg4 Nf6 24.Qe2 Bg7 25.g3 e4 26.Ng2 Re5 27.Ne3 h5 28.h4 Qf8 
29.Nc6 Bxc6 30.Bxc6 Qc8 31.Qf1 Kh7 32.Kh2 Ng4+ 33.Nxg4 Qxg4 34.Qe2 Qf5 35.
a4 Bh6 36.Rd4 e3 37.f3 Bg7 38.Rf4 Qc8 39.Rxf7 Qg8 40.Rxc7 Qd8 41.Rf7 Qg8 
42.Ra7 Qf8 43.c3 Qf6 44.f4 Re4 45.Qf3 Qf5 46.Rf7 Qxf7 47.Qxe4 Rf8 48.Rxe3 
Qa7 49.Qe7 Qb8 50.Re6 b5 51.a5 b4 52.c4 b3 53.Bb5 Qd8 54.Qxd8 Rxd8 55.Re2 
Bd4 56.a6 Ra8 57.Re7+ Kh6 58.Re2 Kg7 59.Rd2 Bf6 60.Kg2 Ra7 61.Kf3 Kf7 62.
Re2 Bd4 63.Ke4 Bc5 64.Kd3 Bb4 65.Re6 Ra8 66.Re8 Rxa6 67.Rb8 Ra1 68.Be8+ 
Ke7 69.Rxb4 Rg1 70.Ba4 Rxg3+ 71.Ke4 Rg4 72.Rxb3 Rxh4 73.Rg3 Rh2 74.Rxg6 
Rxb2 75.Kf5 h4 76.Rh6 Rh2 77.c5 dxc5 78.d6+ Kf7 79.d7 Rd2 80.Rh7+ Kg8 81.
Re7 1-0

[Event "interzonal (w)"]
[Site "Tuzla"]
[Date "1987.??.??"]
[Round "13"]
[White "Petrovic, Marija"]
[Black "Ivanka, Maria"]
[Result "1/2-1/2"]
[WhiteElo "2200"]
[BlackElo "2320"]
[EventDate "1987.07.??"]
[PlyCount "120"]

1.d4 g6 2.Nf3 Bg7 3.c3 b6 4.Bf4 Ba6 5.Nbd2 Nf6 6.h3 O-O 7.Qc2 d6 8.e4 Bxf1
9.Nxf1 c5 10.dxc5 bxc5 11.Ne3 Nbd7 12.O-O Rb8 13.Rfe1 Re8 14.Bh2 Qb6 15.b3
Qb7 16.Nd2 Nb6 17.Rad1 Rbc8 18.e5 dxe5 19.Bxe5 Nbd7 20.Bh2 Nb6 21.Ndc4 
Nfd5 22.Ne5 Red8 23.Nf3 f6 24.Ng4 e5 25.Ne3 Nxe3 26.Rxe3 Bh6 27.Ree1 Qe7 
28.c4 Nd7 29.Rd5 Nf8 30.Red1 Ne6 31.Qe4 Nc7 32.Rxd8+ Rxd8 33.Rxd8+ Qxd8 
34.Bg3 Qd6 35.Kh2 Ne6 36.Qb7 a6 37.Qa8+ Bf8 38.Qe4 Bg7 39.h4 Kf7 40.h5 Nd8
41.hxg6+ hxg6 42.Qa8 Bf8 43.a3 Ne6 44.Qb7+ Be7 45.Qe4 Nd4 46.Nd2 Qc6 47.
Qd3 Qe6 48.f3 f5 49.Bf2 Qd6 50.Kh1 Bf6 51.Nf1 Qb8 52.Nd2 a5 53.a4 Bg5 54.
Be3 e4 55.fxe4 Qg3 56.Nf1 Qh4+ 57.Kg1 fxe4 58.Qd2 Bf6 59.Qf2 Qg4 60.Ng3 
Kg7 1/2-1/2

[Event "interzonal (w)"]
[Site "Tuzla"]
[Date "1987.??.??"]
[Round "13"]
[White "Sakhatova, Gulnar"]
[Black "Brustman, Agnieszka"]
[Result "0-1"]
[WhiteElo "2350"]
[BlackElo "2320"]
[EventDate "1987.07.??"]
[PlyCount "100"]

1.d4 Nf6 2.c4 g6 3.Nc3 Bg7 4.e4 d6 5.Be2 O-O 6.Nf3 e5 7.O-O Nc6 8.d5 Ne7 
9.Ne1 Nd7 10.Nd3 f5 11.f3 Nf6 12.Bd2 f4 13.c5 g5 14.cxd6 cxd6 15.Nf2 h5 
16.h3 Ng6 17.Qc2 Rf7 18.Rfc1 Ne8 19.a4 Nh4 20.Be1 Bf8 21.Ra3 Rg7 22.a5 g4 
23.fxg4 Nf6 24.Qd1 hxg4 25.Nxg4 Nxg4 26.Bxg4 Bxg4 27.hxg4 Rc8 28.Ne2 Be7 
29.Rh3 Rxc1 30.Nxc1 Ng6 31.Nd3 Nf8 32.Nf2 Nh7 33.Rc3 Bh4 34.b4 Qd7 35.Qe2 
Nf6 36.b5 b6 37.axb6 axb6 38.Rc6 Kh7 39.Kf1 Qd8 40.Bb4 Bxf2 41.Rxd6 Qe7 
42.g5 Rxg5 43.Qxf2 Rh5 44.Qxb6 Rh1+ 45.Ke2 Qg7 46.Qf2 Nxe4 47.Qf3 Nxd6 48.
Bxd6 Qg6 49.Bb4 Qc2+ 50.Bd2 e4 0-1